Guess The Rock Artist By Album Cover: 2 - Statistics

General Stats
  • This quiz has been taken 57 times
  • The average score is 5 of 15
Answer Stats
Picture Answer % Correct
Pink Floyd
100%
Metallica
71%
Jimi Hendrix
65%
Tom Petty
50%
Eric Clapton
44%
The Who
31%
Nazareth
23%
Stevie Ray Vaughan
23%
Norman Greenbaum
21%
Molly Hatchet
17%
Ted Nugent
13%
The Black Crowes
12%
Marcus King
6%
The Georgia Satellites
6%
The Kentucky Headhunters
4%
No matching quizzes found
Score Distribution
Percent of People with Each Score
Percentile by Number Answered
Your Score History
You have not taken this quiz